00863nam a22001697a 450000500170000000800410001702000180005804000070007604100080008308200210009110000190011224500130013126000270014430000240017152004560019565000420065120230810101837.0230810b ||||| |||| 00| 0 eng d a9781849162968 cAL aeng 223a813.54bCOOD aStephen Coonts aDisciple aBritainbQuercusc2010 a503p.bPBc20x13cm. aTommy Carmellini and Jake Grafton have information that Iran's covert nuclear programme is nearing completion. The Iranian president is planning to hit US and Israeli targets within days and turn Iran into a nation of martyrs, leading the world's Moslems in a holy war against the unbelievers. Carmellini has a secret weapon, a group of Iranian dissidents who will do anything to stop the attack. But will the US government believe him in time to act? 2English LiteratureaAmerican fiction